000 01215nam a2200313 a 4500
001 009
003 DO-SdBNP
005 20231101132936.0
007 009
008 110318s2007 sp 000 0 spa d
020 _a9788448145637
040 _aBPMSU
_bspa
_cBPMSU
082 4 _a616.025
_bH318 2005
_222
100 _4
245 0 0 _a Harrison :
_bmanual de medicina /
_c Anthony S. Fauci ... [et al.] ; traducción Martha Elena Araiza Martínez, José Luis González Hernández, Ana María Pérez Tamayo Ruíz ; revisión técnica Gonzalo García de Casasola Sánchez, Juan Antonio Puerto Sebastián.
_8
250 _a16a. ed.
260 _a Barcelona :
_bMcGraw-Hill : Interamericana,
_c2007
300 _axv, 1180 p. :
_bil. ;
_c25 cm.
500 _a Incluye índice.
534 _atítulo original :
_bFerri's clinical advisor : instant diagnosis and treatment
590 _aInventariado, 2023/VM
650 4 _aUrgencias médicas
_vManuales.
650 4 _aCuidados intensivos (Medicina)
_vManuales.
650 4 _aEnfermedades
_xTratamiento
_vManuales.
700 1 _aFauci, Anthony S.
700 1 _aAraiza, Martha Elena
_etr.
910 _aVMateo V. Control de calidad. BPMSU
942 _2ddc
_cBK
999 _c10287
_d10287